000 00349nam a22001457a 4500
008 230405b |||||||| |||| 00| 0 eng d
020 _a978-1-83885-847-6
082 _a813.54
100 _aMatt Haig
245 _aHow to stop time
260 _bCanongate,
_c2022
300 _a343 p.
_c20 cm
942 _2ddc
999 _c9500
_d9501